000 00593nam a2200217Ia 4500
005 20250326144141.0
008 250326s9999 xx 000 0 und d
020 _a978-81-8450-081-3
037 _aTextbook
040 _aFMSL
_beng
_cFMSL
041 _aeng
_2eng
084 _aX.44k P8
_qFMSL
100 _aSingh P N
245 0 _aEncyclopaedia of Indian economy
_cSingh P N; Singh J K And Others
260 _aNew Delhi
_bNew Delhi, Deep & deep
_c2008
300 _a885p
365 _b3600
650 _aEconomics
942 _cTB
_hX.44k P8
999 _c1302574
_d1302574